LEADER 01128nam0-22004091i-450- 001 990000828570403321 005 20080409124406.0 035 $a000082857 035 $aFED01000082857 035 $a(Aleph)000082857FED01 035 $a000082857 100 $a20020821d1970----km-y0itay50------ba 101 0 $aita 105 $ay-------001yy 200 1 $aMeccanica statistica$fB. Touschek, G. Rossi 210 $aTorino$cBoringhieri$d1970 215 $a321 p.$d21 cm 225 1 $aProgramma di matematica, fisica, elettronica 610 0 $aMeccanica Statistica 676 $a530.13 700 1$aTouschek,$bBruno$040507 702 1$aRossi,$bGiancarlo$f<1943- > 801 0$aIT$bUNINA$gRICA$2UNIMARC 901 $aBK 912 $a990000828570403321 952 $a29-G-34$b11075$fMA1 952 $a02 60 E 7$b396$fFINBN 952 $a07 H-424 MU.$b5021/440$fDINSC 952 $a21-051F$b7333$fFI1 952 $a21-051.001F$b15542$fFI1 952 $a21-051.002F$b16368$fFI1 959 $aFINBN 959 $aMA1 959 $aDINSC 959 $aFI1 996 $aMeccanica statistica$9189847 997 $aUNINA LEADER 01518nam0-22005171i-450 001 990006622550403321 005 20250612183104.0 035 $a000662255 035 $aFED01000662255 035 $a(Aleph)000662255FED01 100 $a20110511d1989----km-y0itay50------ba 101 0 $aita 102 $aIT 105 $ay---n---001yy 200 1 $aNovant'anni di previdenza in Italia: culture, politiche, strutture$eatti del convegno, Roma, 9-10 novembre 1988$fINPS 210 $aRoma$cINPS$d1989 215 $a410 p.$d24 cm 300 $aPrevidenza Sociale, suppl. al n. 1 (gennaio-febbraio 89) 676 $a344$v11$zita 710 02$aIstituto nazionale della previdenza sociale$0102615 801 0$aIT$bUNINA$gRICA$2UNIMARC 901 $aBK 912 $a990006622550403321 952 $a361.6 INPS 01$b2025/617$fFLFBC 952 $aXV R 527$fDTE 952 $aX B 33$b13216$fFSPBC 952 $aCong. N 17$b19855*$fFGBC 952 $aD 262$bs.i.$fDSS 952 $aVI H 323$bdono 1430$fDDA 952 $aSE 098.05.04-1$b2750$fDECSE 952 $aSE 098.05.04-2$b2751$fDECSE 952 $aM/4.25 INP$b7760$fSES 952 $a5-4-10--RA$bomaggio$fECA 952 $aI3.116$bdono$fDECTS 959 $aFLFBC 959 $aDSS 959 $aFSPBC 959 $aDDA 959 $aFGBC 959 $aDECSE 959 $aDTE 959 $aSES 959 $aECA 959 $aDECTS 996 $aNovant'anni di previdenza in Italia: culture, politiche, strutture$933481 997 $aUNINA